Die langfristige Entwicklung Oligophrener ; mit 30 Tabellen

Saved in:  
Bibliographic Details
Main Author: Moser, Alexander (Author)
Format: Print Book
Language:English
German
Published: Berlin, Heidelberg, New York Springer 1971
In: Monographien aus dem Gesamtgebiete der Psychiatrie (5)
Year: 1971
Online Access: Cover
Availability in Tübingen:Present in Tübingen.
IFK: M V 29
Check availability: HBZ Gateway
Subito Delivery Service: Order now.
Keywords:

MARC

LEADER 00000cam a2200000 c 4500
001 196853311
003 DE-627
005 20260206200046.0
007 tu
008 960426s1971 gw ||||| 00| ||eng c
015 |a 72,A38,0349  |2 dnb 
016 7 |a 720153301  |2 DE-101 
020 |a 3540055991  |9 3-540-05599-1 
020 |a 0387055991  |9 0-387-05599-1 
035 |a (DE-627)196853311 
035 |a (DE-603)074644920 
035 |a (DE-576)031170145 
035 |a (DE-599)GBV196853311 
035 |a (OCoLC)258504350 
035 |a (OCoLC)311364679 
035 |a (AT-OBV)AC00065178 
040 |a DE-627  |b ger  |c DE-627  |e rakwb 
041 |a eng  |a ger 
044 |c XA-DE  |c XD-US 
084 |a 17a  |2 sdnb 
084 |a YH 1500  |2 rvk  |0 (DE-625)rvk/153519:12905 
084 |a YH 6425  |2 rvk  |0 (DE-625)rvk/153564:12931 
084 |a CU 5000  |2 rvk  |0 (DE-625)rvk/19115: 
100 1 |a Moser, Alexander  |4 aut 
245 1 4 |a Die langfristige Entwicklung Oligophrener ; mit 30 Tabellen  |c Alexander Moser. Mit einem Vorw. v. Chr. Müller 
264 1 |a Berlin, Heidelberg, New York  |b Springer  |c 1971 
300 |a VIII, 102 S.  |b Ill., graph. Darst. 
336 |a Text  |b txt  |2 rdacontent 
337 |a ohne Hilfsmittel zu benutzen  |b n  |2 rdamedia 
338 |a Band  |b nc  |2 rdacarrier 
490 1 |a Monographien aus dem Gesamtgebiete der Psychiatrie  |v 5 
500 |a Literaturverz. S. 96 - 100 
583 1 |a Archivierung prüfen  |c 20240324  |f DE-4165  |z 3  |2 pdager 
650 0 |a Mental Retardation 
650 0 |a Psychiatry 
650 0 7 |0 (DE-588)4019852-2  |0 (DE-627)106320092  |0 (DE-576)208930973  |a Geistige Behinderung  |2 gnd 
650 4 |a Geistige Behinderung 
689 0 0 |d s  |0 (DE-588)4019852-2  |0 (DE-627)106320092  |0 (DE-576)208930973  |a Geistige Behinderung  |2 gnd 
689 0 |5 DE-101 
689 1 0 |d s  |0 (DE-588)4019852-2  |0 (DE-627)106320092  |0 (DE-576)208930973  |a Geistige Behinderung  |2 gnd 
689 1 |5 (DE-627) 
830 0 |a Monographien aus dem Gesamtgebiete der Psychiatrie  |v 5  |9 5  |w (DE-627)129407976  |w (DE-576)014788772  |w (DE-600)187852-9  |x 0077-0671  |7 am 
856 4 2 |u https://swbplus.bsz-bw.de/bsz031170145cov.jpg  |m V:DE-576  |m X:springer  |q image/jpeg  |v 20151015105625  |3 Cover  |7 1 
935 |i Blocktest 
935 |h HEB  |i 0501 
935 |h HEB  |i 0503 
936 r v |a YH 1500  |b Allgemeines  |k Medizin  |k Psychiatrie, Medizinische Psychologie  |k Allgemeine Psychiatrie/Medizinische Psychologie  |k Allgemeines  |k Allgemeines  |0 (DE-627)1270915711  |0 (DE-625)rvk/153519:12905  |0 (DE-576)200915711 
936 r v |a YH 6425  |b Im höheren Alter  |k Medizin  |k Psychiatrie, Medizinische Psychologie  |k Spezielle Psychiatrie  |k Psychosen  |k Geistige Behinderung, Intelligenzminderung, Down-Syndrom  |k A. Formalschlüssel  |k Allgemeine Literatur zu einem Hauptgebiet  |k Im höheren Alter  |0 (DE-627)1271755777  |0 (DE-625)rvk/153564:12931  |0 (DE-576)201755777 
936 r v |a CU 5000  |b Psychische Störungen in der Kindheit und im Jugendalter  |k Psychologie  |k Klinische Psychologie  |k Psychische Störungen  |k Psychische Störungen in der Kindheit und im Jugendalter  |0 (DE-627)1551689723  |0 (DE-625)rvk/19115:  |0 (DE-576)481689729 
936 r u |a CU 5000  |b Kinderpsychopathologie, Geistige Behinderungen  |k Psychologie  |k Klinische Psychologie  |k Kinderpsychopathologie, Geistige Behinderungen  |0 (DE-627)1271533693  |0 (DE-576)201533693  |z Ungueltig 
936 s n |a c200  |2 mzub 
936 s n |a w200  |2 mzub 
951 |a BO 
ELC |b 1 
LOK |0 000 xxxxxcx a22 zn 4500 
LOK |0 001 3154841830 
LOK |0 003 DE-627 
LOK |0 004 196853311 
LOK |0 005 20020607000000 
LOK |0 008 921216||||||||||||||||ger||||||| 
LOK |0 040   |a DE-21-110  |c DE-627  |d DE-21-110 
LOK |0 852   |a DE-21-110 
LOK |0 852 1  |c M V 29  |m p  |9 00 
LOK |0 935   |a k110 
LOK |0 936ln  |a 8.6.4. 
LOK |0 938   |k p 
LOK |0 939   |a 16-12-92  |b l01 
ORI |a SA-MARC-krimdoka001.raw 
SIG |a IFK: M V 29